书目信息 |
| 题名: |
意大利一本就GO!
|
|
| 作者: | ;一本就GO 编 | |
| 分册: | ||
| 出版信息: | 桂林 广西师范大学出版社 2011 |
|
| 页数: | 227页 | |
| 开本: | 22cm | |
| 丛书名: | 一本就GO | |
| 单 册: | ||
| 中图分类: | K954.69 | |
| 科图分类: | ||
| 主题词: | 旅游指南--意大利 | |
| 电子资源: | ||
| ISBN: | 978-7-5495-0467-1 | |
| 000 | 01003oam2 2200253 450 | |
| 001 | 012015017477 | |
| 005 | 20150608083848.0 | |
| 010 | @a978-7-5495-0467-1@dCNY48.00 | |
| 100 | @a20150620d2011 em y0chiy0110 ea | |
| 101 | 0 | @achi |
| 102 | @aCN@b450000 | |
| 105 | @aa z 000yy | |
| 106 | @ar | |
| 200 | 1 | @a意大利一本就GO!@Ayi da li yi ben jiu GO!@e2011-2012最新全彩版@f《一本就GO!》编辑部编 |
| 210 | @a桂林@c广西师范大学出版社@d2011 | |
| 215 | @a227页@c图@d22cm | |
| 225 | 2 | @a一本就GO |
| 330 | @a意大利旅行热地全攻略!玩转意大利我最HIGH!威尼斯广场、罗马圆形竞技场、古罗马广场、君士坦丁凯旋门、阿皮亚古道、国立罗马博物馆、国立古代美术馆、圣保罗大教堂、梵蒂冈圣彼得大教堂、梵蒂冈博物馆、米兰大教堂、斯卡拉歌剧院、圣西罗球场、比萨斜塔…… | |
| 410 | 0 | @12001 @a一本就GO |
| 606 | 0 | @a旅游指南@y意大利 |
| 690 | @aK954.69@v5 | |
| 711 | 02 | @a一本就GO@Ayi ben jiu GO@b编辑部@4编 |
| 801 | 0 | @aCN@b碧洲教育@c20150812 |
| 905 | @a10447@b208483737@b208483764@b208483755@b208483746@f4@dK954.69@e348 | |
| 意大利一本就GO!:2011-2012最新全彩版/《一本就GO!》编辑部编.-桂林:广西师范大学出版社,2011 |
| 227页:图;22cm.-(一本就GO) |
| ISBN 978-7-5495-0467-1:CNY48.00 |
| 意大利旅行热地全攻略!玩转意大利我最HIGH!威尼斯广场、罗马圆形竞技场、古罗马广场、君士坦丁凯旋门、阿皮亚古道、国立罗马博物馆、国立古代美术馆、圣保罗大教堂、梵蒂冈圣彼得大教堂、梵蒂冈博物馆、米兰大教堂、斯卡拉歌剧院、圣西罗球场、比萨斜塔…… |
| ● |
| 相关链接 |
|
|
|
|
正题名:意大利一本就GO!
索取号:K954.69/348
 
预约/预借
| 序号 | 登录号 | 条形码 | 馆藏地/架位号 | 状态 | 备注 |
| 1 | 0848373 | 208483737 | 第二借阅区/ [索取号:K954.69/348] | 在馆 | |
| 2 | 0848374 | 208483746 | 第二借阅区/ [索取号:K954.69/348] | 在馆 | |
| 3 | 0848375 | 208483755 | 第二借阅区/ [索取号:K954.69/348] | 在馆 | |
| 4 | 0848376 | 208483764 | 第二借阅区/ [索取号:K954.69/348] | 在馆 | |
| 5 | 858541 | 208585413 | 第二样本阅览室/ [索取号:K954.69/348] | 在馆 | |
| 6 | 858542 | 208585422 | 第二借阅区/ [索取号:K954.69/348] | 在馆 | |
| 7 | 858543 | 208585431 | 第二借阅区/ [索取号:K954.69/348] | 在馆 | |
| 8 | 858544 | 208585440 | 密集书库-资源管理系/ [索取号:K954.69/348] | 在馆 |